000 03434nam a2200373Ia 4500
008 130821s1773 gw a gr lat
040 _aCo-BoUCM
_bspa
041 0 _alat
092 _aE12N031
100 1 _aZallinger, Jacobo
245 1 0 _aInterpretatio Naturae, seu Philosophia newtoniana methodo exposita et academicis usibus adcommodata
_ca Jacobo Zallinger
246 1 3 _a[Interpretación de la Naturaleza. Filosofía desarrollada con el método de Newton y adaptada a las necesidades académicas
_ntomo I
_ntomo II
_pincluye los principios de la mecánica terrestre y celeste
_ntomo III
_pincluye la física especial].
260 _aAugusta (Baviera, Alemania)
_bSumptibus Josephi Wolff [José Wolff]
_c1773-1775
300 _a3 v. ([14], 454, [2] ; [12], 449 páginas, [6] h. pleg. ; [12], 443, [5] h. pleg. )
_bilustraciones
500 _aDetalles físicos: (Colección) Encuadernación en pergamino en regular estado de conservación. Portada sencilla, en un solo color con el emblema del editor (grabado de Minerva y Mercurio). Texto en una sola columna; impreso con letras grandes, so
500 _aV.1: Descuadernado, ejemplar mútilo, no conserva portada. V.2: Empieza a desencuadernarse, tiene seis láminas plegables. V.3: Grabado difiere al segundo tomo. En la portada se lee: "Del Colegio de Nuestra Señora del Rosario. Por donación del Doc
505 0 _aV.1:Lógica: Parte Primera: Lógica general. ; Varias clases de conocimiento. ; Sus normas y leyes. ; Parte segunda: Leyes de la Lógica aplicadas a las distintas materias. -- Filosofía primera: Disertaciones metafísicas. ; Nociones y proposiciones
505 0 _aV.2: Física: Sección 1: Introducción a la mecánica. -- Sección 2: El movimiento rectilíneo de los cuerpos. -- Sección 3: Reacción de los cuerpos sólidos a las fuerzas. -- Sección 4: Presión, equilibrio y resistencia de los fluidos. -- Sección 5:
505 0 _aV.3: Sección 1: Fuerzas especiales de los cuerpos. ; Cohesión de los sólidos y los fluidos. ; Fluidez. ; Adherencia de sólidos y fluidos. ; Rechazo y repulsión. ; Ley de las fuerzas que existen en la naturaleza -- Sección 2: Sobre el fuego y sus
506 _aConsulta en sala.
546 _aTexto en latín.
600 _aNewton, Isaac
_d1642-1727
650 _aFilosofía
_975
650 _aFísica
_xObras anteriores a 1800
_915907
650 _aLógica
_xObras anteriores a 1800
_918789
650 _aMetafísica
_ySiglo XVIII
_919397
650 _aTeología natural
_xObras anteriores a 1800
_925237
700 1 _aWolff,José
_eimp.
856 4 1 _zDisponible en línea V.1
_uhttp://books.google.com/books?id=7fgGAAAAcAAJ&printsec=frontcover&dq=Interpretatio+Naturae+seu+Philosophia+newtoniana+1773&hl=es&ei=xBRETtSIOePViAKb1O23Ag&sa=X&oi=book_result&ct=result&resnum=4&ved=0CDoQ6AEwAw#v=onepage&
856 4 1 _zDisponible en línea v.2
_uhttp://books.google.com/books?id=7vgGAAAAcAAJ&printsec=frontcover&dq=Interpretatio+Naturae+seu+Philosophia+newtoniana+1774&hl=es&ei=PRRETs6zDYrXiAKS_uHbAg&sa=X&oi=book_result&ct=result&resnum=1&ved=0CCoQ6AEwAA#v=onepage&
856 4 1 _zDisponible en línea V.3
_uhttp://books.google.com/books?id=7_gGAAAAcAAJ&printsec=frontcover&dq=Interpretatio+Naturae+seu+Philosophia+newtoniana+1775&hl=es&ei=8BNETvSbBqvZiAKRrLmtAg&sa=X&oi=book_result&ct=result&resnum=2&ved=0CDIQ6AEwAQ#v=onepage&
942 _cLIBRO
_a2
_e1
_2DEWEY
_h110
999 _c74654
_d74654